Strategie organizování celosvětově působících společností

Aktuálna otázka v súčasnej dobe - usporiadanie veľkých celosvetovo pôsobiacich spoločností do sietí. 3 skupiny stratégie organizovania spoločností: globálna stratégia, internacionálna stratégia, multinacionálna stratégia. Perspektíva - stratégia transnacionálnych organizácií.

Gespeichert in:
Bibliographische Detailangaben
1. Verfasser: Dědina, Jiří
Format: Buchkapitel
Sprache:Tschechisch
Schlagworte:
Tags: Tag hinzufügen
Keine Tags, Fügen Sie das erste Tag hinzu!

MARC

LEADER 00000naa a2200000 4500
001 r015542
005 20221205090550.9
041 0 |a cze 
044 |a CZ 
245 1 0 |a Strategie organizování celosvětově působících společností  |c J. Dědina 
520 |a Aktuálna otázka v súčasnej dobe - usporiadanie veľkých celosvetovo pôsobiacich spoločností do sietí. 3 skupiny stratégie organizovania spoločností: globálna stratégia, internacionálna stratégia, multinacionálna stratégia. Perspektíva - stratégia transnacionálnych organizácií. 
610 2 0 |a spoločnosť globálna 
610 2 0 |a organizácie medzinárodné 
610 2 0 |a stratégia podniková 
610 2 0 |a deľba práce medzinárodná 
100 1 |a Dědina, Jiří